The Foundations of Monetary Economics : (Record no. 609472)

MARC details
000 -LEADER
fixed length control field 00504nam a2200193 a 4500
001 - CONTROL NUMBER
control field 1769855260277
003 - CONTROL NUMBER IDENTIFIER
control field YourLibrary
005 - DATE AND TIME OF LATEST TRANSACTION
control field 20260131161817.0
008 - FIXED-LENGTH DATA ELEMENTS--GENERAL INFORMATION
fixed length control field 260131s1999##################000#0#eng##
020 ## - INTERNATIONAL STANDARD BOOK NUMBER
International Standard Book Number 9781858989976
082 04 - DEWEY DECIMAL CLASSIFICATION NUMBER
Classification number 332.421
Item number LAI.1
040 ## - CATALOGING SOURCE
Original cataloging agency YourLibrary
Language of cataloging eng
Transcribing agency YourLibrary
100 1# - MAIN ENTRY--PERSONAL NAME
Personal name Laidler, David E. W.,
Relator term author.
245 10 - TITLE STATEMENT
Title The Foundations of Monetary Economics :
260 ## - PUBLICATION, DISTRIBUTION, ETC.
Date of publication, distribution, etc. 1999.
300 ## - PHYSICAL DESCRIPTION
Extent 564 pages
650 #0 - SUBJECT ADDED ENTRY--TOPICAL TERM
Topical term or geographic name entry element Monetary policy.
942 ## - ADDED ENTRY ELEMENTS (KOHA)
Koha item type English Books
Holdings
Withdrawn status Lost status Damaged status Not for loan Home library Current library Shelving location Date acquired Total Checkouts Full call number Barcode Date last seen Price effective from Koha item type
        Anna Centenary Library Anna Centenary Library 4TH FLOOR, A WING 31.01.2026   332.421 LAI.1 359068 31.01.2026 31.01.2026 English Books
        Anna Centenary Library Anna Centenary Library 4TH FLOOR, A WING 31.01.2026   332.421 LAI.2 359069 31.01.2026 31.01.2026 English Books
        Anna Centenary Library Anna Centenary Library 4TH FLOOR, A WING 31.01.2026   332.421 LAI.3 359070 31.01.2026 31.01.2026 English Books

Find us on the map